Show Within a Show Quiz Stats

 Plays Quiz Updated Jun 3, 2017

Challenge
Share
Tweet
Embed
Score 0/20 Timer 07:00
3 Plays Today
Show Within a Show TV Program % Correct
Elmo's WorldSesame Street
85.4%
The Itchy and Scratchy ShowThe Simpsons
83.7%
Tool TimeHome Improvement
81.1%
Weekend UpdateSaturday Night Live
70.8%
Bikini Bottom NewsSpongeBob SquarePants
68.6%
Wake Up, San FranciscoFull House
61.5%
Terrance & PhillipSouth Park
61.4%
JerrySeinfeld
60.8%
Gumbel 2 Gumbel: Beach JusticeFamily Guy
48.1%
All My CircuitsFuturama
41.3%
Show Within a Show TV Program % Correct
MILF Island30 Rock
23.3%
FYIMurphy Brown
20.8%
The ValleyThe O.C.
16%
Albi The Racist DragonThe Flight of the Conchords
14.7%
Psycho DadMarried With Children
13.4%
Sick Sad WorldDaria
10.8%
Hearts and ScalpelsNip/Tuck
8.9%
Vidas de FuegoUgly Betty
6.9%
Invitation to LoveTwin Peaks
3.5%
AndroidsRed Dwarf
1.8%

You're not logged in!

Compare scores with friends on all Sporcle quizzes.
Join for Free
OR
Log In

You Might Also Like...

Show Comments

Extras

Top Quizzes Today


Score Distribution

Your Account Isn't Verified!

In order to create a playlist on Sporcle, you need to verify the email address you used during registration. Go to your Sporcle Settings to finish the process.

Report this User

Report this user for behavior that violates our Community Guidelines.

Details: